000 00307nam a22001337a 4500
008 170203b xxu||||| |||| 00| 0 eng d
020 _a9781418032678
041 _aeng
080 _26TH
_a61
100 _a3
101 _aSHM
245 _aWORKBOOK TO ACCOMPANY MEDICAL ASSISTING
_cKEIR, L
942 _2udc
_cBK
999 _c4479
_d4479